000 00613nma a22002057a 4500
008 170922s2017 o | cat d
041 _acat
041 _bspa
245 _aVocabulari d'atletisme
_h[en línia]
260 _aBarcelona
_bGeneralitat de Catalunya. Corporació Catalana de Mitjans Audiovisuals
_c2017
520 _aaprox. 60
546 _acatalà
592 _aObra terminològica
593 _aVCA
650 0 _960777
_aatletisme
773 _tÉs A Dir: El portal lingüístic de 3Cat
856 _uhttps://www.esadir.cat/entrades/fitxa/id/4714
902 _a170922
942 _2ddc
_cPM
_n0
999 _c68482
_d68482